000 01156nam0a22002411 4500
001 rc\133382
005 20260407063019.0
010 _a5-7422-0013-7
_91000
035 _a(NLR Aleph) 005407166
090 _a7335086
_c7335086
100 _a20030307d1995 |||y0rusy50 ca
101 0 _arus
102 _aRU
105 _aa |||||||||
200 1 _aИнновационная политика высшей школы России. Концепция и программа действий
_f[Ю.С. Васильев, В.Г. Кинелев, В.Г. Колосов]
_gГос. ком. Рос. Федерации по высш. образованию. Федер. инновац. прогр. "ИнжинирингсетьРоссии". С.-Петербург. гос. техн. ун-т
210 _aСПб.
_cИзд-во СПбГТУ
_d1995
215 _a66 с.
_cил.
_d29
700 1 _4070
_7ca
_8rus
_aВасильев
_bЮ. С.
_cд-р техн. наук, гидротехника
_f1929-2023
_gЮрий Сергеевич
_9122933
_3RU\NLR\AUTH\7713238
801 0 _aRU
_bNLR
_gpsbo
801 1 _aRU
_bELAR
_2rusmarc
852 _aNLR
_j96-8/228
942 _cBOOK
980 _aNB